000 01083nam a2200265Ia 4500
003 OSt
005 20221005103847.0
006 a|||||r|||| 00| 0
007 ta
008 221004b |||||||| |||| 00| 0 hin d
020 _a9789350739570 (hbk)
_cINR 100.00
024 _a33528
037 _b4923, 25/02/2017, Kitabi Duniya
_cTextual
040 _aCRL
_cCRL
_bhin
041 _2hin
_ahin
082 _aO168,6N48, 152Q6
100 _aहरगानवी, मनाज़िर आशिक, ले.
245 0 _aयुगल किशोर प्रसादः सवालों के घेरे में
246 _aYugal kishor prasādah savāloan ke ghere mean
260 _aदिल्ली
_bएजुुकेशनल पब्लिशिंग हाउस भारत
_c2016
300 _a86पृ0
_ccm.
650 _aउर्दू निबंध
942 _hO168,6N48, 152Q6
_cTEXL
_2cc
999 _c1011112
_d1011112